00786nam a2200241Ia 450000500170000000800460001703700110006304000080007404000080008204000080009004100080009804100080010608400080011410000510012224501210017326000090029430000100030365000220031370000930033594200070042899900210043595200880045620260430150004.0008 250103s9999 xx 000 0 eng d aTheses aCRL beng ceng 2eng aeng qCRL aSalim Sana Au.; Ragi Sangit Kumar Gu.91236124 0aInterrogating the conventional institutions of learning in India: analyzing the future prospects of madarsa students c2021 a170p. aPolitical Science aUniversity of Delhi. Faculty of Social Sciences. Department of Political Science9520505 cTH c1848666d1848666 00104070aCRLbCRLd2026-04-30l0pTH0025642r2026-04-30 15:00:04w2026-04-30yTH